[Event "Kragero Resort International 2022"]
[Site "Kragero"]
[Date "2022.02.23"]
[Round "1.1"]
[White "Moen, Ole Christian"]
[Black "Donchenko, Alexander"]
[Result "0-1"]
[WhiteElo "2219"]
[BlackElo "2636"]
[Annotator "TA"]
[PlyCount "74"]
[EventDate "2022.02.23"]
[EventType "swiss"]
[EventCountry "NOR"]
[SourceTitle "playchess.com"]
[Source "ChessBase"]
[SourceQuality "1"]

{[%evp 9,74,8,12,0,0,0,0,-10,3,0,17,10,42,39,28,25,31,-60,-60,-36,-56,-32,-32,-34,-55,-55,-41,-77,-46,-85,-83,-67,-83,-79,-79,-78,-67,-84,-78,-90,-96,-93,-98,-93,-84,-80,-82,-85,-85,-147,-87,-232,-93,-90,-90,-90,-93,-93,-91,-102,-102,-112,-106,-114,-119,-645,-675]} 1. e4 c5 2. Nf3 d6 3. g3 Nf6 4. Nc3 Nc6 5. Bg2 g6 6. O-O {B50: Sicilian: 2...d6, Miscellaneous.} Bg7 7. d4 Bg4 $5 {[%mdl 4] ...cxd4 is the strong threat. Leaves trodden paths.} 8. dxc5 {The position is equal.} dxc5 9. Be3 Qa5 10. h3 Rd8 {[#]} 11. Nd5 $146 ({Predecessor:} 11. Qc1 Bxf3 12. Bxf3 O-O 13. Bg2 Nd7 14. Bh6 Nd4 15. Bxg7 Kxg7 16. Re1 Ne5 17. Kh1 {0-1 (29) Loemker,A (2107)-Huebner,W (2159) Germany 1997}) 11... Bxf3 12. Qxf3 Nd7 {[%cal Bf6d7,Bd7e5,Be5c6][%mdl 32]} 13. Bd2 Qxd2 $15 14. Nc7+ Kf8 15. Ne6+ Kg8 16. Nxd8 {[%csl Gd8][%cal Rf3f7]} Nde5 (16... Nxd8 $2 17. Rad1 Qxc2 18. Rxd7 $18) 17. Qb3 {Black must now prevent Nxc6.} Nxd8 ({Much worse is} 17... Qxd8 18. Qxb7 Na5 19. Qb5 $11) 18. Qb5 {Hoping for Rfd1.} Nec6 19. Rad1 Qxc2 20. Rxd8+ {[%mdl 64] Decoy} Nxd8 21. Qe8+ Bf8 22. Qxd8 Qxb2 23. Rd1 c4 {aiming for ...c3.} 24. Qc8 b5 $1 25. Rd7 Qxa2 26. Rxe7 Kg7 27. Rb7 Qa1+ 28. Kh2 Qd4 29. Rxb5 ({White should play} 29. Qc7 Qxf2 30. Rxb5) 29... Ba3 ({And not} 29... Qxf2 30. Qxc4 Be7 31. Qc3+ Qf6 32. e5 $15) ({Better is} 29... Be7 30. Qb7 Bc5) 30. Qc6 {[#]} (30. Qc7 $17) 30... Qxf2 (30... Rd8 $1 $19 {and Black stays clearly on top.} 31. Rd5 Rxd5 32. Qxd5 Qxf2 33. Qxc4 Bd6 34. Qc3+ f6) 31. Qxc4 $17 {Strongly threatening Qc3+.} Bb2 $36 {[%mdl 2048] To avoid Qc3+. Black is really pushing.} 32. Qf1 Bd4 {Black is more active.} 33. Qxf2 Bxf2 34. Bf1 Rc8 35. Kg2 Rc2 36. Bd3 {[#]} Rd2 37. Rd5 $2 {[%mdl 8192]} (37. Bc4 $17) 37... Bd4+ $1 {Weighted Error Value: White=0.47/Black=0.10 (very precise)} 0-1

[Event "Kragero Resort International 2022"]
[Site "Kragero"]
[Date "2022.02.23"]
[Round "1.1"]
[White "Omtvedt, Per"]
[Black "Omarsson, Adam"]
[Result "0-1"]
[WhiteElo "1829"]
[BlackElo "1546"]
[Annotator "NA RC"]
[PlyCount "100"]
[EventDate "2022.02.23"]
[EventType "swiss"]
[EventCountry "NOR"]
[SourceTitle "playchess.com"]
[Source "ChessBase"]
[SourceQuality "1"]
[TimeControl "5400+30"]

1. e4 {[%emt 0:00:07]} g6 {[%emt 0:00:10]} 2. d4 {[%emt 0:00:33]} Bg7 {[%emt 0:00:30]} 3. c4 {[%emt 0:01:56]} d6 {[%emt 0:00:57]} 4. Nc3 {[%emt 0:00:27]} Nf6 {[%emt 0:01:00]} 5. Nf3 {[%emt 0:00:26]} O-O {[%emt 0:00:56]} 6. Be2 {[%emt 0:00:42]} e5 {[%emt 0:01:25]} 7. O-O {[%emt 0:01:52]} exd4 {[%emt 0:01:01]} 8. Nxd4 {[%emt 0:00:08]} Re8 {[%emt 0:00:55]} 9. f3 {[%emt 0:00:34]} a6 {[%emt 0:03:07]} 10. Be3 {[%emt 0:05:16]} c5 {[%emt 0:02:54]} 11. Nc2 {[%emt 0:01:05]} Nc6 {[%emt 0:00:55]} 12. Qd2 {[%emt 0:00:35]} Be6 {[%emt 0:03:05]} 13. Rad1 {[%emt 0:01:08]} Qb6 {[%emt 0:01:08]} 14. b3 {[%emt 0:05:04]} Rad8 {[%emt 0:02:43]} 15. Bg5 {[%emt 0:04:48]} Qa5 {[%emt 0:02:46]} 16. Nd5 {[%emt 0:10:19]} Qxd2 {[%emt 0:03:24]} 17. Rxd2 {[%emt 0:03:17]} Bxd5 {[%emt 0:02:29]} 18. cxd5 {[%emt 0:02:38]} Ne5 {[%emt 0:01:15]} 19. a4 {[%emt 0:03:18]} h6 {[%emt 0:02:31]} 20. Bh4 {[%emt 0:01:56]} Rb8 {[%emt 0:05:29]} 21. Na3 {[%emt 0:01:48]} Rec8 {[%emt 0:10:05]} 22. Rb1 {[%emt 0:03:16]} g5 {[%emt 0:07:00]} 23. Bg3 {[%emt 0:01:32]} Nh5 {[%emt 0:01:32]} 24. Nc4 {[%emt 0:00:41]} Nxg3 {[%emt 0:03:02]} 25. hxg3 {[%emt 0:00:56]} Nxc4 {[%emt 0:00:15]} 26. bxc4 {[%emt 0:00:11]} Re8 {[%emt 0:00:39]} 27. g4 {[%emt 0:01:16]} Bd4+ {[%emt 0:01:07]} 28. Kf1 {[%emt 0:00:15]} Kg7 {[%emt 0:00:17]} 29. Rd3 {[%emt 0:00:15]} Rh8 {[%emt 0:00:36]} 30. g3 {[%emt 0:01:43]} h5 {[%emt 0:00:32]} 31. Kg2 {[%emt 0:03:42]} hxg4 {[%emt 0:00:32]} 32. fxg4 {[%emt 0:00:09]} Rh6 {[%emt 0:00:25]} 33. Rh1 {[%emt 0:00:16]} Rxh1 {[%emt 0:01:24]} 34. Kxh1 {[%emt 0:00:05]} b5 {[%emt 0:00:27]} 35. cxb5 {[%emt 0:06:01]} axb5 {[%emt 0:00:08]} 36. Rb3 {[%emt 0:01:25]} Rh8+ {[%emt 0:00:37]} 37. Kg2 {[%emt 0:00:06]} bxa4 {[%emt 0:00:09]} 38. Ra3 {[%emt 0:00:32]} Ra8 {[%emt 0:00:50]} 39. Bb5 {[%emt 0:00:10]} Rb8 {[%emt 0:00:17]} 40. Bxa4 {[%emt 0:00:20]} Rb2+ {[%emt 0:00:19]} 41. Kf1 {[%emt 0:00:53]} c4 {[%emt 0:00:35]} 42. Ke1 {[%emt 0:04:34]} c3 {[%emt 0:01:16]} 43. Kd1 {[%emt 0:00:16]} Rd2+ {[%emt 0:00:19]} 44. Kc1 {[%emt 0:00:15]} Kf6 {[%emt 0:00:46]} 45. Bc2 {[%emt 0:04:22]} Rg2 {[%emt 0:00:39]} 46. Ra4 {[%emt 0:01:38]} Ke5 {[%emt 0:00:44]} 47. Rc4 {[%emt 0:00:25]} Rg1+ {[%emt 0:01:25]} 48. Bd1 {[%emt 0:00:10]} Kxe4 {[%emt 0:00:15]} 49. Rc7 {[%emt 0:00:10]} Kd3 {[%emt 0:00:15]} 50. Rxf7 {[%emt 0:01:32]} Be3+ {[%emt 0:00:17]} 0-1

[Event "Kragero Resort International 2022"]
[Site "Kragero"]
[Date "2022.02.23"]
[Round "1.2"]
[White "Fridman, Daniel"]
[Black "Nikolic, Vladan"]
[Result "1-0"]
[WhiteElo "2626"]
[BlackElo "2218"]
[Annotator "TA"]
[PlyCount "93"]
[EventDate "2022.02.23"]
[EventType "swiss"]
[EventCountry "NOR"]
[SourceTitle "playchess.com"]
[Source "ChessBase"]
[SourceQuality "1"]

{[%evp 10,93,8,4,47,18,80,85,86,75,88,81,80,89,93,83,99,91,86,82,103,102,103,104,116,98,104,101,133,100,102,51,46,64,73,52,66,46,56,60,56,3,191,-8,260,-25,-18,-10,-12,-33,-1,-116,-111,-125,-120,-110,-109,-118,-117,-127,-62,-79,0,0,81,72,837,835,669,777,768,766,689,633,1193,999,919,1225,1341,1124,5751,5185,29977,29978,29978,29974]} 1. c4 c5 2. Nf3 Nc6 3. d4 cxd4 4. Nxd4 Nf6 5. Nc3 e6 6. a3 Qa5 {6...Bc5 is a critical line. A33: Symmetrical English: 2 Nf3 Nf6 3 d4 cxd4 4 Nxd4 e6 5 Nc3 Nc6.} (6... Be7 $11 {might be stronger.}) 7. Bf4 {Strongly threatening b4.} Ne4 (7... Nxd4 $11 {keeps the balance.} 8. Qxd4 Bc5) 8. Ndb5 $1 $16 Nxc3 {White is better.} 9. Nxc3 {[#]} e5 $146 ({Predecessor:} 9... Qf5 10. g3 g5 11. Bd6 Bxd6 12. Qxd6 Qe5 13. Qd3 O-O 14. Rd1 b6 15. Bg2 Rb8 {1-0 (29) Epishin,V (2576)-Pogosian,V (2150) St Petersburg 2012}) 10. Bg5 d6 11. b4 Qc7 12. Nd5 Qb8 13. g3 $36 {[%mdl 2048] Black is under strong pressure.} Be6 14. Bg2 Ne7 15. e4 Nc6 16. O-O {White is much more active. Black has bad knights.} Be7 17. Bxe7 Nxe7 18. f4 Nc6 19. Qh5 Nd4 20. Ne3 ({White should try} 20. fxe5 $16 dxe5 21. Bh3 Bxd5 22. exd5 (22. cxd5 O-O $11)) 20... h6 $14 21. Rf2 a5 22. Raf1 axb4 23. axb4 Ra3 24. Nd5 {Threatens to win with fxe5.} O-O 25. c5 (25. fxe5 $14 dxe5 26. g4) 25... dxc5 $2 (25... Qd8 $11 {and Black has nothing to worry.}) 26. bxc5 $2 (26. f5 $1 $18 {[%cal Rf5e6]} Bxd5 27. f6) 26... Ra5 $2 {[%mdl 8192]} (26... exf4 $11 {and Black stays safe.} 27. gxf4 Bxd5 28. exd5 Qa7) 27. Bh3 $2 ({Worse is} 27. fxe5 Rxc5 28. Rf6 Qd8 $11) ({Stronger than} 27. Qxe5 Qxe5 28. fxe5 Rxc5 $15) (27. f5 $1 $18 {[%cal Rf5e6]} Bxd5 28. f6) 27... Bxd5 28. exd5 e4 29. Qd1 $1 e3 30. Qxd4 exf2+ $17 31. Rxf2 Qa7 32. Rc2 Ra1+ 33. Bf1 Qa6 {[%csl Ga1][%cal Ra6f1]} 34. Rf2 Re8 (34... Qa5 $17 {White must now prevent ...Rc1.} 35. Kg2 Rc1) 35. Kg2 $15 Qa5 (35... Qf6 $1 $17 {[%cal Rf6d4]} 36. Qxf6 gxf6) 36. d6 $11 Rd8 {[#]} (36... Qe1 $11 {remains equal.}) 37. Bc4 $1 $16 {Hoping for Re2.} Re1 {[%mdl 8192]} (37... Qe1 $2 38. Rf1 Rd1 {[#]} 39. Bxf7+ $1 {[%mdl 512]} (39. Qxd1 Qe4+ 40. Kh3 Qxc4 $16) (39. Rxe1 Rxd4 40. Bb5 Rc8 $17) 39... Kxf7 40. Qxd1 Qe4+ 41. Qf3 Qc2+ 42. Rf2 Qxc5 43. Qxb7+ Kg8 44. Rd2 $18) (37... Qa4 $16) 38. Ra2 $18 Qxa2+ 39. Bxa2 Re2+ 40. Kh3 Rxa2 {[%mdl 4096] Endgame KQ-KRR} 41. Qd5 Rc2 42. d7 Rc3 43. Qe5 {And now Qe8+ would win.} Rxd7 44. Qxc3 Re7 45. Qd3 {White threatens Qd8+ and mate.} Kf8 46. Qd8+ Re8 47. Qd6+ {Weighted Error Value: White=0.29 (precise) /Black=0.59} 1-0

[Event "Kragero Resort International 2022"]
[Site "Kragero"]
[Date "2022.02.23"]
[Round "1.2"]
[White "Lien, Sebastian"]
[Black "Madsen, Morten L"]
[Result "1-0"]
[WhiteElo "1532"]
[BlackElo "1828"]
[Annotator "NA RC"]
[PlyCount "57"]
[EventDate "2022.02.23"]
[EventType "swiss"]
[EventCountry "NOR"]
[SourceTitle "playchess.com"]
[Source "ChessBase"]
[SourceQuality "1"]
[TimeControl "5400+30"]

1. d4 {[%emt 0:00:06]} Nf6 {[%emt 0:06:49]} 2. c4 {[%emt 0:00:17]} c5 {[%emt 0:01:02]} 3. d5 {[%emt 0:00:12]} b5 {[%emt 0:00:21]} 4. cxb5 {[%emt 0:03:35]} a6 {[%emt 0:00:14]} 5. e3 {[%emt 0:00:29]} d6 {[%emt 0:04:45]} 6. Nc3 {[%emt 0:09:02]} g6 {[%emt 0:02:18]} 7. Nf3 {[%emt 0:00:05]} Bg7 {[%emt 0:00:18]} 8. Be2 {[%emt 0:16:13]} O-O {[%emt 0:02:26]} 9. O-O {[%emt 0:01:13]} Nbd7 {[%emt 0:02:09]} 10. Bd2 {[%emt 0:08:46]} Nb6 {[%emt 0:12:39]} 11. e4 {[%emt 0:06:42]} Re8 {[%emt 0:02:38]} 12. a4 {[%emt 0:11:02]} axb5 {[%emt 0:00:55]} 13. Bxb5 {[%emt 0:00:42]} Bd7 {[%emt 0:00:22]} 14. Bxd7 {[%emt 0:00:13]} Qxd7 {[%emt 0:01:03]} 15. Re1 {[%emt 0:07:33]} Reb8 {[%emt 0:03:04]} 16. b3 {[%emt 0:07:14]} Ng4 {[%emt 0:06:22]} 17. Rb1 {[%emt 0:06:50]} c4 {[%emt 0:03:34]} 18. h3 {[%emt 0:05:45]} Ne5 {[%emt 0:01:27]} 19. Nxe5 {[%emt 0:00:11]} Bxe5 {[%emt 0:00:09]} 20. bxc4 {[%emt 0:02:42]} Nxc4 {[%emt 0:02:42]} 21. Rxb8+ {[%emt 0:00:11]} Rxb8 {[%emt 0:00:09]} 22. Nb5 {[%emt 0:00:38]} Nb2 {[%emt 0:01:36]} 23. Qb3 {[%emt 0:01:35]} Nxa4 {[%emt 0:00:39]} 24. Qxa4 {[%emt 0:00:08]} Rxb5 {[%emt 0:08:46]} 25. Bh6 {[%emt 0:01:28]} Qb7 {[%emt 0:08:55]} 26. Rc1 {[%emt 0:00:33]} Bf4 {[%emt 0:10:51]} 27. Qxb5 {[%emt 0:02:26]} Bxh6 {[%emt 0:00:40]} 28. Qxb7 {[%emt 0:00:10]} Bxc1 {[%emt 0:00:09]} 29. Qc8+ {[%emt 0:00:06]} 1-0

[Event "Kragero Resort International 2022"]
[Site "Kragero"]
[Date "2022.02.23"]
[Round "1.3"]
[White "Aulin-Jansson, Joran"]
[Black "Sanal, Vahap"]
[Result "0-1"]
[WhiteElo "2214"]
[BlackElo "2601"]
[Annotator "TA"]
[PlyCount "73"]
[EventDate "2022.02.23"]
[EventType "swiss"]
[EventCountry "NOR"]
[SourceTitle "playchess.com"]
[Source "ChessBase"]
[SourceQuality "1"]

{[%evp 13,73,0,2,3,10,0,0,-6,0,-27,-22,-14,-14,-90,-91,-97,-92,-97,-87,-101,-102,-102,-96,-91,-100,-97,-95,-104,-83,-111,-104,-114,-89,-83,-81,-83,-84,-83,-84,-81,-92,-83,-88,-85,-75,-106,-68,-68,-68,-68,-68,-68,-64,-125,-125,-125,-78,-76,-77,-106,-77,-493]} 1. e4 e5 2. Nf3 Nc6 3. Bb5 a6 4. Bxc6 dxc6 5. Nc3 Qf6 6. d4 exd4 7. Qxd4 Qxd4 8. Nxd4 {C68: Ruy Lopez: Exchange Variation, sidelines.} Bd7 9. Be3 O-O-O 10. O-O-O {The position is equal.} Ne7 {[%cal Bg8e7,Be7g6,Bg6h4][%mdl 32] [#]} 11. Rhe1 $146 ({Predecessor:} 11. Nde2 Ng6 12. Nf4 Ne5 13. Nd3 Ng4 14. Bf4 Be6 15. f3 Rxd3 16. Rxd3 Nf2 17. Rhd1 {½-½ (36) Stevic,H (2512)-Fressinet,L (2625) Kusadasi 2006}) 11... Ng6 12. f3 Be7 13. Nf5 (13. Rd2 $11 {remains equal.}) 13... Bxf5 $17 14. exf5 Nh4 15. Bd2 Rd7 ({Don't take} 15... Nxf5 16. g4 $14) 16. Rxe7 Rxe7 17. Bg5 {[%csl LRe7,LRh4]} Nxf5 {[#] Strongly threatening ...f6.} 18. Bxe7 Nxe7 {[%mdl 4096] Endgame KRN-KRN} 19. Re1 Nf5 20. Ne4 h6 21. g4 Nd4 22. Nd2 Ne6 23. Nc4 Rf8 24. Ne5 Nf4 25. Re4 g5 26. h4 f6 {[%cal Bf7f6,Bf6f5][%mdl 32]} 27. Nc4 Nd5 28. h5 Kd7 29. Kd2 b6 (29... f5 {feels hotter.} 30. Ne5+ Kd6 31. gxf5 Rxf5 32. Ng4 Nf6) 30. Ne3 Nxe3 31. Kxe3 $15 {KR-KR} f5 32. Rd4+ Ke7 33. f4 ({White should play} 33. b4 $15) 33... gxf4+ $17 {Black is better.} 34. Rxf4 Ke6 ({Better is} 34... fxg4 {Hoping for ...Rxf4.} 35. Rxg4 Rf5 36. Rg7+ Kd8) 35. Rf1 Ke5 36. Rf2 Rf6 37. Rf1 $2 {[%mdl 8192] Weighted Error Value: White=0.15 (very precise) /Black=0.06 (flawless)} (37. Rg2 $17 {is more resistant.}) 0-1

[Event "Kragero Resort International 2022"]
[Site "Kragero"]
[Date "2022.02.23"]
[Round "1.3"]
[White "Engeset, Audun"]
[Black "Haubrick, Sidney Junior Barret"]
[Result "1-0"]
[WhiteElo "1823"]
[BlackElo "1479"]
[Annotator "NA RC"]
[PlyCount "73"]
[EventDate "2022.02.23"]
[EventType "swiss"]
[EventCountry "NOR"]
[SourceTitle "playchess.com"]
[Source "ChessBase"]
[SourceQuality "1"]
[TimeControl "5400+30"]

1. e4 {[%emt 1:33:38]} c6 {[%emt 0:00:09]} 2. d4 {[%emt 0:00:13]} d5 {[%emt 0:00:05]} 3. e5 {[%emt 0:00:07]} c5 {[%emt 0:00:09]} 4. dxc5 {[%emt 0:00:28]} Nc6 {[%emt 0:00:09]} 5. Nf3 {[%emt 0:01:12]} Bg4 {[%emt 0:00:09]} 6. Be2 {[%emt 0:05:05]} e6 {[%emt 0:01:25]} 7. Bf4 {[%emt 0:01:05]} Bxc5 {[%emt 0:01:17]} 8. Nbd2 {[%emt 0:01:37]} Nge7 {[%emt 0:04:25]} 9. O-O {[%emt 0:06:00]} O-O {[%emt 0:00:37]} 10. h3 {[%emt 0:03:32]} Bxf3 {[%emt 0:03:26]} 11. Nxf3 {[%emt 0:02:15]} Ng6 {[%emt 0:00:51]} 12. Qd2 {[%emt 0:07:01]} Qc7 {[%emt 0:05:34]} 13. Rae1 {[%emt 0:16:03]} Ncxe5 {[%emt 0:09:43]} 14. Nxe5 {[%emt 0:03:29]} Nxf4 {[%emt 0:03:50]} 15. Qxf4 {[%emt 0:01:04]} Bd6 {[%emt 0:00:16]} 16. Bd3 {[%emt 0:01:21]} f6 {[%emt 0:10:05]} 17. Qh4 {[%emt 0:07:24]} g5 {[%emt 0:00:42]} 18. Qg4 {[%emt 0:01:03]} Bxe5 {[%emt 0:01:48]} 19. Qxe6+ {[%emt 0:01:36]} Qf7 {[%emt 0:00:30]} 20. Qg4 {[%emt 0:02:51]} b6 {[%emt 0:04:22]} 21. Bf5 {[%emt 0:04:35]} Rfe8 {[%emt 0:05:07]} 22. c3 {[%emt 0:02:35]} Qc7 {[%emt 0:09:39]} 23. Be6+ {[%emt 0:03:00]} Kh8 {[%emt 0:02:36]} 24. Bxd5 {[%emt 0:00:32]} Rad8 {[%emt 0:01:27]} 25. Rd1 {[%emt 0:00:24]} Re7 {[%emt 0:05:29]} 26. Be6 {[%emt 0:06:31]} Rd6 {[%emt 0:04:35]} 27. Bf5 {[%emt 0:01:51]} Qd8 {[%emt 0:03:29]} 28. Rxd6 {[%emt 0:01:16]} Qxd6 {[%emt 0:00:43]} 29. Rd1 {[%emt 0:01:42]} Qc7 {[%emt 0:01:07]} 30. a4 {[%emt 0:02:41]} a5 {[%emt 0:00:27]} 31. Qh5 {[%emt 0:01:56]} Bh2+ {[%emt 0:03:58]} 32. Kh1 {[%emt 0:00:53]} Bf4 {[%emt 0:00:04]} 33. Qh6 {[%emt 0:02:33]} Kg8 {[%emt 0:09:31]} 34. Qxf6 {[%emt 0:00:58]} Bd2 {[%emt 0:01:09]} 35. Be6+ {[%emt 0:00:21]} Rf7 {[%emt 0:01:19]} 36. Bxf7+ {[%emt 0:00:18]} Qxf7 {[%emt 0:00:24]} 37. Qxf7+ {[%emt 0:00:10]} 1-0

[Event "Kragero Resort International 2022"]
[Site "Kragero"]
[Date "2022.02.23"]
[Round "1.4"]
[White "Bogner, Sebastian"]
[Black "Shehzad, Shazil"]
[Result "1/2-1/2"]
[WhiteElo "2573"]
[BlackElo "2182"]
[Annotator "TA"]
[PlyCount "92"]
[EventDate "2022.02.23"]
[EventType "swiss"]
[EventCountry "NOR"]
[SourceTitle "playchess.com"]
[Source "ChessBase"]
[SourceQuality "1"]

{[%evp 11,92,9,15,12,16,16,20,6,14,0,0,-30,0,0,0,0,0,0,0,0,12,9,7,4,4,7,4,8,4,4,4,4,22,22,22,15,41,27,45,49,50,50,67,11,55,49,92,93,193,47,33,41,131,74,80,72,69,0,137,120,131,71,78,78,78,79,79,62,65,54,47,55,47,32,32,0,0,0,0,0,0,0,0]} 1. e4 c5 2. Nf3 d6 3. Bb5+ Bd7 4. Bxd7+ Nxd7 5. c4 Ngf6 6. Nc3 Ne5 7. Nxe5 {B52: Sicilian: Moscow Variation with 3...Bd7.} dxe5 8. d3 e6 9. O-O Be7 10. Be3 O-O {[#]} 11. g3 $146 ({Predecessor:} 11. a3 Nd7 12. Qd2 Nb8 13. Na4 Na6 14. Rab1 Qd7 15. Qc2 Rfd8 16. Rfd1 b6 17. Nc3 {0-1 (56) Baklan,V-Kempinski,R (2340) Szombathely 1993}) 11... a6 12. Qe2 Qd6 13. a3 Rfd8 14. Rfd1 Qc6 15. b3 b5 16. cxb5 axb5 17. a4 bxa4 18. Nxa4 Qb5 {[%cal Of6e4]} 19. Qc2 Rab8 20. Rab1 {[%cal Re3c5]} ({Don't play} 20. Nxc5 Ng4 21. Na4 Nxe3 22. fxe3 Qxb3 $17) 20... Nd7 21. Rdc1 {[%cal Bd1c1,Bc1c3,Bc3c4][%mdl 32]} Rdc8 22. Qd1 h6 23. Rc3 (23. Rc4 {is more complex.} Qb7 24. h4 Qb5 25. Rc3 Bd8 26. Rc2) 23... Nb6 {Hoping for ...Nxa4.} 24. Rbc1 {[%cal Ra4c5]} Nxa4 25. bxa4 Qa5 26. Rc4 Rb2 27. Qh5 ({White should try} 27. Kg2 $14) 27... Bd6 (27... Rb3 $11) 28. Qg4 $14 Kh7 {[#]} (28... Bf8 $14) 29. d4 $1 $16 Rb4 (29... exd4 $16 30. Bxd4 cxd4 31. Rxc8 d3) 30. dxc5 ({Only move:} 30. Rxb4 $18 Qxb4 31. dxc5) 30... Rxc4 $14 31. Rxc4 {Threatens to win with Qh5.} Bxc5 {[#]} ({Black should play} 31... Qe1+ $1 $14 32. Kg2 Bc7) 32. Qf3 (32. Qe2 $142 $1 {[%cal Re2c2]}) 32... f6 $16 33. Qe2 Rc7 34. Qc2 ({Better is} 34. Rxc5 $14 Rxc5 35. Bxc5 Qxc5 36. Qe1) 34... Bd6 (34... Rd7 $1 $11 {keeps the balance.} 35. Rxc5 (35. Bxc5 Qe1+ 36. Kg2 Rd1 $17) 35... Qe1+ 36. Kg2 Rd1) 35. Rxc7 Bxc7 36. Qc4 (36. Qc5 $142) 36... Bb6 37. Qb5 Qe1+ 38. Qf1 Qb4 39. Bxb6 Qxb6 {[%mdl 4096] Endgame KQ-KQ} 40. Qb5 Qd4 41. a5 {Black must now prevent a6.} Qxe4 42. a6 Qd4 43. Qb7 {[%mdl 1024] White has compensation.} (43. h4 $5 {[%cal Rb5b7]} e4 44. Kg2 $16) 43... e4 $1 {The position is equal.} 44. Kg2 Qd3 45. a7 Qf3+ $1 46. Kg1 {Strongly threatening Qb1.} Qd1+ {Weighted Error Value: White=0.17 (very precise) /Black=0.15 (very precise)} 1/2-1/2

[Event "Kragero Resort International 2022"]
[Site "Kragero"]
[Date "2022.02.23"]
[Round "1.4"]
[White "Eriksen, Leander"]
[Black "Amundsen, Ask"]
[Result "1-0"]
[WhiteElo "1476"]
[BlackElo "1819"]
[Annotator "NA RC"]
[PlyCount "57"]
[EventDate "2022.02.23"]
[EventType "swiss"]
[EventCountry "NOR"]
[SourceTitle "playchess.com"]
[Source "ChessBase"]
[SourceQuality "1"]
[TimeControl "5400+30"]

1. e4 {[%emt 0:00:08]} c5 {[%emt 0:00:08]} 2. Nf3 {[%emt 0:00:11]} e6 {[%emt 0:00:07]} 3. d3 {[%emt 0:00:19]} a6 {[%emt 0:01:29]} 4. g3 {[%emt 0:00:57]} b5 {[%emt 0:00:43]} 5. Bg2 {[%emt 0:02:46]} Bb7 {[%emt 0:00:33]} 6. O-O {[%emt 0:02:38]} Nf6 {[%emt 0:05:16]} 7. Re1 {[%emt 0:07:20]} Be7 {[%emt 0:00:50]} 8. h4 {[%emt 0:03:32]} d5 {[%emt 0:01:46]} 9. e5 {[%emt 0:04:09]} Nfd7 {[%emt 0:00:14]} 10. c3 {[%emt 0:04:24]} Nc6 {[%emt 0:01:53]} 11. Bf4 {[%emt 0:01:53]} c4 {[%emt 0:02:59]} 12. d4 {[%emt 0:01:14]} b4 {[%emt 0:01:29]} 13. Ng5 {[%emt 0:05:06]} h6 {[%emt 0:07:58]} 14. Nxe6 {[%emt 0:00:32]} fxe6 {[%emt 0:01:51]} 15. Qh5+ {[%emt 0:00:15]} Kf8 {[%emt 0:00:13]} 16. Qg6 {[%emt 0:04:20]} Qe8 {[%emt 0:01:30]} 17. Qxe6 {[%emt 0:00:19]} Nd8 {[%emt 0:02:33]} 18. Qf5+ {[%emt 0:01:31]} Kg8 {[%emt 0:01:04]} 19. h5 {[%emt 0:06:08]} Nf8 {[%emt 0:11:14]} 20. e6 {[%emt 0:07:55]} Qc6 {[%emt 0:02:40]} 21. Re5 {[%emt 0:02:41]} Qc8 {[%emt 0:09:32]} 22. Nd2 {[%emt 0:06:46]} bxc3 {[%emt 0:01:06]} 23. bxc3 {[%emt 0:02:04]} Nfxe6 {[%emt 0:15:26]} 24. Rae1 {[%emt 0:07:26]} Nxf4 {[%emt 0:07:24]} 25. Qxf4 {[%emt 0:00:31]} Bg5 {[%emt 0:04:43]} 26. Re8+ {[%emt 0:01:39]} Kh7 {[%emt 0:00:12]} 27. Rxh8+ {[%emt 0:00:07]} Kxh8 {[%emt 0:00:12]} 28. Qf8+ {[%emt 0:00:09]} Kh7 {[%emt 0:00:39]} 29. Re8 {[%emt 0:00:07]} 1-0

[Event "Kragero Resort International 2022"]
[Site "Kragero"]
[Date "2022.02.23"]
[Round "1.5"]
[White "Skotheim, Andreas"]
[Black "Van Foreest, Lucas"]
[Result "0-1"]
[WhiteElo "2181"]
[BlackElo "2563"]
[Annotator "TA"]
[PlyCount "44"]
[EventDate "2022.02.23"]
[EventType "swiss"]
[EventCountry "NOR"]
[SourceTitle "playchess.com"]
[Source "ChessBase"]
[SourceQuality "1"]

{[%evp 11,44,19,27,23,39,20,25,14,15,-54,-44,-47,77,64,59,6,29,0,0,-47,-34,-211,-210,-424,-441,-414,-431,-567,-534,-729,-739,-774,-752,-787,-762]} 1. e4 e5 2. Nf3 Nc6 3. Bc4 Nf6 4. d3 Bc5 5. O-O d6 6. c3 a6 7. a4 {Nowadays more popular than 7.Bb3. C54: Giuoco Piano: 4 c3 Nf6, main lines with 5 d4 and 5 d3.} Ba7 8. Re1 h6 9. h3 {White has an edge.} g5 10. Be3 (10. Nh2 $11) 10... g4 {Strongly threatening ...Bxe3.} 11. hxg4 Bxg4 (11... Bxe3 $15 12. Rxe3 Nxg4) 12. Bxa7 $16 Rxa7 {[#]} 13. Re3 $146 ({Better is} 13. Qe2 $14) ({Predecessor:} 13. Nbd2 Nh5 14. d4 Qf6 15. Qc2 Nf4 16. dxe5 dxe5 17. Re3 Rg8 18. g3 Ra8 19. Bd5 {0-1 (37) Tan,J (2466)-Naroditsky,D (2619) Chess.com INT 2018}) 13... Rg8 14. d4 Nh5 $1 15. Bd5 (15. g3 $11) 15... Nf4 $15 {[#] Hoping for ...Bxf3.} 16. Kf1 $2 {White does not recover from this.} ({White should try} 16. g3 $15) 16... Bxf3 $19 17. Qxf3 $2 (17. Rxf3 Qh4 18. Rxf4 Qxf4 19. Nd2) 17... Rxg2 18. Qxg2 Nxg2 19. Kxg2 {Black is clearly winning.} Qg5+ 20. Rg3 Qc1 21. Rg8+ Ke7 22. Rg7 Nd8 {Weighted Error Value: White=0.72/Black=0.15 (very precise)} 0-1